|
|
|
|
| LEADER |
00000cam a2200000 7i4500 |
| 001 |
0000002232 |
| 005 |
20030721.0 |
| 020 |
0 |
0 |
|a 9747946122
|
| 090 |
0 |
0 |
|a FAO634.9095
|b ENT 2001
|
| 100 |
1 |
0 |
|a ENTERS
|h Thomas
|
| 245 |
1 |
0 |
|a Trash or treasure? :
|b logging ad mill residues in Asia and the Pacific
|c by Thomas Enters
|
| 260 |
0 |
0 |
|a Bangkok :
|b FAO Regional Office for Asia and the Pacific ,
|c by Thomas Enters
|
| 300 |
|
|
|a vii, 58 p. ;
|c 30 cm.
|
| 440 |
0 |
0 |
|a RAP publication 2001/16
|
| 500 |
0 |
0 |
|a Includes bibliographies
|
| 650 |
0 |
0 |
|a Forests and forestry
|z Asia
|
| 650 |
0 |
0 |
|a Logging
|z Asia
|
| 710 |
1 |
1 |
|a Asia-Pacific Forestry Commission
|
| 998 |
|
|
|a JPSM
|
| 999 |
|
|
|a 0000003436
|b Monograph
|c Open Shelf
|e Default branch
|